| 000 | 01106 a2200217 4500 | ||
|---|---|---|---|
| 001 | 24476 | ||
| 005 | 20260407155529.0 | ||
| 008 | 260407a2013 arg spa d | ||
| 003 | AR-UNSa-BCEJYS | ||
| 040 |
_aAR-UNSa-BCEJYS _bspa _cAR-UNSa-BCEJYS |
||
| 080 |
_a340.15 _xModelos históricos del derecho y de los sistemas jurídicos. Derecho primitivo |
||
| 245 | 1 | 0 | _aHistoria de la codificación civil del Estado de Luisiana y su influencia en el Código Civil Argentino |
| 020 | _a978-950-23-2173-8 | ||
| 264 | 1 |
_aBuenos Aires : _bUniversidad de Buenos Aires. Facultad de Derecho. Departamento de Publicaciones _c2013 |
|
| 300 |
_a426 p. _c23 cm. |
||
| 505 | _a1. Luisiana - 2. Difusión del texto del Código de 1825 durante el siglo XIX - 3. Impacto del Código de 1825 en el Código de 1871 - 4. Conclusiones | ||
| 942 | _cBK | ||
| 590 | _aniveau_biblio:m niveau_hierar:0 | ||
| 100 | 1 | _aParise, Agustín | |
| 856 | 4 | 1 |
_uhttps://biblioeco.unsa.edu.ar/pmb/images/libros/Historia dela Codificaci?n Civil del Estado de Luisiana y su Influencia en el C?digo Civil Argentino.jpg _yImagen de portada _qimage/jpeg |
| 999 |
_c1190 _d1190 |
||